|
|
|
|
| LEADER |
01943nam a2200337 a 4500 |
| 001 |
2088881 |
| 008 |
090615s1996 ilua b 001 0 eng d |
| 010 |
|
|
|a 95038589
|
| 020 |
|
|
|a 025613619X
|
| 040 |
|
|
|a DLC
|c DLC
|d DLC
|
| 082 |
0 |
0 |
|a 658.4/012
|2 20
|
| 100 |
1 |
|
|a Byars, Lloyd L.
|
| 245 |
1 |
0 |
|a Strategic management /
|c Lloyd L. Byars, Leslie W. Rue, Shaker A. Zahra.
|
| 260 |
|
|
|a Chicago :
|b Irwin,
|c 1996.
|
| 300 |
|
|
|a xi, 1043 p. :
|b ill. ;
|c 24 cm.
|
| 504 |
|
|
|a Includes bibliographical references and indexes.
|
| 541 |
1 |
|
|e 00011799
|
| 650 |
|
0 |
|a Strategic planning.
|
| 650 |
|
0 |
|a Strategic planning
|x Case studies.
|
| 700 |
1 |
|
|a Rue, Leslie W.
|
| 700 |
1 |
|
|a Zahra, Shaker A.
|
| 852 |
4 |
|
|a Ayesha Abed Library
|j General Shelf.
|
| 942 |
0 |
0 |
|0 1
|
| 999 |
|
|
|c 1688
|d 1688
|
| 952 |
|
|
|0 0
|1 0
|2 ddc
|4 0
|6 658_401200000000000_BYA_1996
|7 0
|9 1547
|a BRACUL
|b BRACUL
|c GEN
|d 2009-06-28
|g 0.00
|l 3
|m 1
|o 658.4012 BYA
|p 3010011799
|r 2018-09-10
|s 2018-09-03
|t 1
|w 2009-06-28
|y BK
|x No price found in the accession register.
|
| 952 |
|
|
|0 0
|1 0
|2 ddc
|4 0
|6 658_401200000000000_BYA_1996
|7 0
|9 8855
|a BRACUL
|b BRACUL
|c GEN
|d 2010-03-29
|l 3
|m 8
|o 658.4012 BYA
|p 3010008008
|r 2016-03-14
|s 2016-03-01
|t 2
|w 2010-03-29
|y BK
|
| 952 |
|
|
|0 0
|1 0
|2 ddc
|4 0
|6 658_401200000000000_BYA_1996
|7 0
|9 22114
|a BRACUL
|b BRACUL
|c GEN
|d 2013-03-27
|l 8
|m 12
|o 658.4012 BYA
|p 3010008009
|r 2016-03-22
|s 2016-03-22
|t 3
|w 2013-03-27
|y BK
|
| 952 |
|
|
|0 0
|1 0
|2 ddc
|4 0
|6 658_401200000000000_BYA
|7 0
|9 43257
|a SCL
|b SCL
|c GEN
|d 1998-11-03
|l 0
|o 658.4012 BYA
|p 3020000145
|r 2014-07-17
|t 4
|w 2014-07-17
|y BK
|
| 952 |
|
|
|0 0
|1 0
|2 ddc
|4 0
|6 658_401200000000000_BYA
|7 0
|9 43264
|a SCL
|b SCL
|c GEN
|d 1999-01-25
|l 0
|o 658.4012 BYA
|p 3020001501
|r 2014-07-19
|t 5
|w 2014-07-19
|y BK
|
| 952 |
|
|
|0 0
|1 0
|2 ddc
|4 0
|6 658_401200000000000_BYA
|7 0
|9 43265
|a SCL
|b SCL
|c GEN
|d 1998-11-03
|l 0
|o 658.4012 BYA
|p 3020000144
|r 2014-07-19
|t 6
|w 2014-07-19
|y BK
|
| 952 |
|
|
|0 0
|1 0
|2 ddc
|4 0
|6 658_401200000000000_BYA
|7 0
|9 43266
|a SCL
|b SCL
|c GEN
|d 1999-01-26
|l 0
|o 658.4012 BYA
|p 3020001459
|r 2014-07-19
|t 7
|w 2014-07-19
|y BK
|